000 01398nam a2200457 i 4500
001 35758
003 KOSZ 005
005 20200217110204.0
008 000208s1999 pl a f |000 0 pol
015 _aPB 2000/2418
020 _a8371581963
035 _a991012882569705066
035 _a(PL-WaBN)b13479799-48omnis_nlop
035 _ab13479799
035 _a(OCoLC)830219383
035 _a(PL)b0000001347979
035 _a(EXLNZ-48OMNIS_NETWORK)9910398848805606
040 _aWA N
_cWA N
_dKOSZ 005/HR
041 0 _apol
080 _a004.438
080 _a004.4'42
080 _a(07)
100 1 _aKruk, Stanisław
_d(1953- )
_eAutor
245 1 0 _aĆwiczenia z Asemblera /
_cStanisław Kruk.
260 _aWarszawa :
_b"Mikom",
_c1999.
300 _a136, [1] s. :
_bil. ;
_c24 cm.
336 _2rdacontent
_aTekst
_btxt
337 _2rdamedia
_aBez urządzenia pośredniczącego
_bn
338 _2rdacarrier
_aWolumin
_bnc
380 _aKsiążki
380 _aPublikacje fachowe
388 _a1901-2000
388 _a1989-2000
650 7 _aAsemblery
_2DBN
655 7 _aPodręcznik
_2DBN
658 _aInformatyka i technologie informacyjne
710 2 _aWydawnictwo Mikom
_4pbl
856 _uhttp://koha.tu.koszalin.pl/cgi-bin/koha/opac-detail.pl?biblionumber=35758
_yKatalogonline BPK
942 _2UKD
_cKS
999 _c35758
_d35758